Artificial Intelligence for Business: An Implementation Guide Containing Practical and Industry Specific Case Studies (Record no. 43352)
[ view plain ]
| 000 -LEADER | |
|---|---|
| fixed length control field | 00632nam a22001817a 4500 |
| 005 - DATE AND TIME OF LATEST TRANSACTION | |
| control field | 20250324110506.0 |
| 008 - FIXED-LENGTH DATA ELEMENTS--GENERAL INFORMATION | |
| fixed length control field | 250324b |||||||| |||| 00| 0 eng d |
| 020 ## - INTERNATIONAL STANDARD BOOK NUMBER | |
| International Standard Book Number | 9781032415079 |
| 041 ## - LANGUAGE CODE | |
| Language code of text/sound track or separate title | Eng |
| 082 ## - DEWEY DECIMAL CLASSIFICATION NUMBER | |
| Classification number | 006.3068 HEM |
| 100 ## - MAIN ENTRY--PERSONAL NAME | |
| Author | K, Hemachandran |
| 245 ## - TITLE STATEMENT | |
| Title | Artificial Intelligence for Business: An Implementation Guide Containing Practical and Industry Specific Case Studies |
| 260 ## - PUBLICATION, DISTRIBUTION, ETC. | |
| Place | New York |
| Publisher | Routledge |
| Publication Year | 2024 |
| 300 ## - PHYSICAL DESCRIPTION | |
| Extent | 360;. P. 24 cm |
| 650 ## - SUBJECT ADDED ENTRY--TOPICAL TERM | |
| Subject | Artificial Intelligence-Economic aspects; Business Enterprises-Technological Innovations; Data Processing |
| 700 ## - ADDED ENTRY--PERSONAL NAME | |
| Co-Author | Rodriguez, Raul V |
| 942 ## - ADDED ENTRY ELEMENTS (KOHA) | |
| Koha item type | Books |
| Withdrawn status | Lost status | Source of classification or shelving scheme | Damaged status | Not for loan | Home library | Current library | Shelving location | Accession Date | Vendor | Price | Bill number | Full call number | Barcode No | Date last seen | Discount | Bill Date | Koha item type | Suggested By |
|---|---|---|---|---|---|---|---|---|---|---|---|---|---|---|---|---|---|---|
| Dewey Decimal Classification | IMTN | IMTN | Rack 3-B | 03/18/2025 | Raghav Books Private Limited | 5229.99 | 2374 | 006.30 HEM | 33643 | 03/24/2025 | 33 | 02/14/2025 | Books | Dr. Bibhuti Tripathy |